000 00602nam a2200229Ia 4500
003 OSt
005 20221006165300.0
006 a|||||r|||| 00| 0
007 ta
008 221006b |||||||| |||| 00| 0 eng d
024 _a3,021
037 _cTextual
040 _aFML
_cFML
_beng
041 _2eng
_aeng
082 _aY:1.2275, K5
100 _aSinha Pradip Au.
_9679478
245 0 _aNineteenth Century Bengal
260 _aKolkata
_bFirma K L Mukhopadhyay
_c1965
300 _a204
_ccm.
942 _hY:1.2275, K5
_cTEXL
_2CC
999 _c1120269
_d1120269